La Guerra es terrorismo institucionalizado /

Zapisane w:
Opis bibliograficzny
1. autor: Boron, Atilio A
Format: Texto
Hasła przedmiotowe:
Etykiety: Dodaj etykietę
Nie ma etykietki, Dołącz pierwszą etykiete!

MARC

LEADER 00000 a a2200000 04500
001 2659
003
040
100 |a Boron, Atilio A  
245 |a La Guerra es terrorismo institucionalizado /  |c Atilio A Boron 
650 |a TERRORISMO  
650 |a MEDIOS DE COMUNICACION DE MASAS  
650 |a IMPERIALISMO  
773 |g volumen 42, número 225; páginas 11-12  
999 |c 23666  |d 23666